Country by one word #2 - Statistics

General Stats
  • This quiz has been taken 24 times
  • The average score is 6 of 15
Answer Stats
Hint Answer % Correct
Ireland United Kingdom
95%
Ukraine Russia
86%
Russia Ukraine
57%
Carthage Tunisia
52%
Ice Canada
48%
Bubble Tea Taiwan
38%
Landlocked Kingdom Lesotho
33%
Escape North Korea
33%
Indonesia Papua New Guinea
33%
Gold Ghana
24%
Gilbert Islands Kiribati
24%
Jordan Palestine
24%
Capybara Venezuela
24%
Ellice Islands Tuvalu
19%
Cardi B Dominican Republic
14%
No matching quizzes found
Score Distribution
Percent of People with Each Score
Percentile by Number Answered
Your Score History
You have not taken this quiz